History Quiz

Random History or Country Quiz

Obscure Knowledge - NATO Members Quiz Stats

 Plays Quiz Updated May 1, 2020

     
Support Sporcle.
Go Orange.
Score 0/30 Timer 02:00
35 Plays Today
Percent Guessed Country % Correct
98.9%???
85.1%
98.3%???
81.3%
97.4%???
78.6%
96.2%???
77.8%
95.1%???
77%
93.4%???
76.5%
93.1%???
75.7%
90.6%???
74.1%
87.7%???
72.5%
86.1%???
70.7%
84.0%???
68.3%
83.9%???
68.1%
83.3%???
65.4%
82.6%???
63.4%
77.8%???
62.7%
Percent Guessed Country % Correct
76.2%???
57.6%
73.5%???
52.2%
73.5%???
51.3%
70.0%???
50.2%
69.8%???
46.8%
69.5%???
40.5%
68.8%???
36.4%
67.6%???
35.1%
67.4%???
28.9%
65.7%???
27%
64.8%???
26.3%
65.4%???
24.4%
62.5%???
19.3%
60.0%???
13.7%
59.1%???
12.3%

From the Vault

Red Flags by Continent Blitz

by jackaronson23

Geography 30s
Red is the most common color on world flags, so you'll be fine.
Remove Ads.
Support Sporcle.
Get the best of Sporcle when you Go Orange. This ad-free experience offers more features, more stats, and more fun while also helping to support Sporcle. Thank you for becoming a member.

Show Comments

Extras

Top Quizzes Today


Score Distribution

Your Account Isn't Verified!

In order to create a playlist on Sporcle, you need to verify the email address you used during registration. Go to your Sporcle Settings to finish the process.

Report this User

Report this user for behavior that violates our Community Guidelines.

Details: